【1925年】樺太庁の大字 - Statistics

General Stats
  • This quiz has been taken 33 times
    31 since last reset
  • The average score is 29 of 159
Answer Stats
支庁
町村
% Correct
豊原支庁 豊原郡 豊原町 豊原
85%
豊原支庁 栄浜郡 落合町 落合
85%
豊原支庁 栄浜郡 栄浜村 栄浜
80%
豊原支庁 豊原郡 豊原町 北豊原
70%
豊原支庁 豊原郡 豊原町 南豊原
60%
豊原支庁 豊原郡 豊原町 大沢
60%
豊原支庁 豊原郡 豊北村 富岡
60%
豊原支庁 豊原郡 豊北村 深雪
60%
大泊支庁 大泊郡 大泊町 大泊
60%
豊原支庁 豊原郡 豊原町 追分
55%
豊原支庁 豊原郡 豊原町 軍川
55%
豊原支庁 豊原郡 豊北村 小沼
55%
豊原支庁 豊原郡 川上村 三井
55%
豊原支庁 栄浜郡 栄浜村 相浜
55%
豊原支庁 栄浜郡 白縫村 真縫
55%
豊原支庁 豊原郡 豊原町 清川
50%
豊原支庁 豊原郡 豊原町 並川
50%
豊原支庁 栄浜郡 栄浜村 小田寒
50%
大泊支庁 富内郡 富内村 富内
50%
豊原支庁 豊原郡 豊原町 唐松
45%
豊原支庁 豊原郡 豊原町 中沢
45%
豊原支庁 栄浜郡 栄浜村 犬主
45%
豊原支庁 栄浜郡 栄浜村 野寒
45%
豊原支庁 栄浜郡 落合町 大谷
45%
大泊支庁 長浜郡 長浜村 長浜
45%
豊原支庁 豊原郡 豊原町 下並川
40%
豊原支庁 豊原郡 豊北村 鈴谷
40%
豊原支庁 栄浜郡 落合町 小谷
40%
大泊支庁 大泊郡 千歳村 千歳
40%
真岡支庁 真岡郡 真岡町 真岡
40%
敷香支庁 敷香郡 敷香村 敷香
40%
豊原支庁 栄浜郡 栄浜村 魯礼
35%
豊原支庁 栄浜郡 白縫村 東白浦
35%
豊原支庁 栄浜郡 白縫村 真苫
35%
大泊支庁 留多加郡 留多加町 留多加
35%
本斗支庁 本斗郡 本斗町 本斗
35%
泊居支庁 久春内郡 久春内村 久春内
35%
泊居支庁 鵜城郡 鵜城村 鵜城
35%
泊居支庁 名好郡 恵須取村 恵須取
35%
豊原支庁 栄浜郡 落合町 西美保
30%
豊原支庁 栄浜郡 落合町 東美保
30%
本斗支庁 本斗郡 内幌村 内幌
30%
真岡支庁 真岡郡 清水村 清水
30%
泊居支庁 泊居郡 泊居町 泊居
30%
泊居支庁 泊居郡 名寄村 名寄
30%
泊居支庁 名好郡 名好村 名好
30%
豊原支庁 豊原郡 豊北村 草野
25%
豊原支庁 豊原郡 豊北村 本川上
25%
豊原支庁 栄浜郡 落合町 深草
25%
大泊支庁 大泊郡 千歳村 貝塚
25%
真岡支庁 真岡郡 広地村 広地
25%
真岡支庁 真岡郡 蘭泊村 蘭泊
25%
真岡支庁 野田郡 野田町 野田
25%
敷香支庁 敷香郡 泊岸村 泊岸
25%
敷香支庁 散江郡 散江村 散江
25%
豊原支庁 栄浜郡 落合町 黒川
20%
豊原支庁 栄浜郡 落合町 川南
20%
豊原支庁 栄浜郡 落合町 川北
20%
元泊支庁 元泊郡 元泊村 元泊
20%
豊原支庁 栄浜郡 落合町 志安
15%
豊原支庁 栄浜郡 落合町 曲瀬
15%
豊原支庁 栄浜郡 落合町 山中
15%
豊原支庁 栄浜郡 落合町 渡瀬
15%
豊原支庁 栄浜郡 落合町 白川
15%
豊原支庁 栄浜郡 落合町 円山
15%
大泊支庁 長浜郡 知床村 内知床
15%
大泊支庁 長浜郡 知床村 外知床
15%
真岡支庁 野田郡 小能登呂村 上能登呂
15%
元泊支庁 元泊郡 元泊村 樫保
15%
元泊支庁 元泊郡 東知取村 東知取
15%
敷香支庁 敷香郡 敷香村 気屯
15%
大泊支庁 大泊郡 大泊町 古牧
10%
大泊支庁 留多加郡 留多加町 幌内保
10%
本斗支庁 本斗郡 好仁村 宗仁
10%
本斗支庁 本斗郡 本斗町 吐鯤保
10%
本斗支庁 本斗郡 本斗町 遠節
10%
本斗支庁 本斗郡 本斗町 阿幸
10%
真岡支庁 真岡郡 蘭泊村 藻白帆
10%
真岡支庁 真岡郡 蘭泊村 羽母舞
10%
真岡支庁 真岡郡 清水村 逢坂
10%
真岡支庁 野田郡 小能登呂村 下能登呂
10%
泊居支庁 泊居郡 泊居町 追手
10%
泊居支庁 泊居郡 泊居町 南杜門
10%
泊居支庁 名好郡 名好村 安別
10%
元泊支庁 元泊郡 帆寄村 馬群潭
10%
敷香支庁 敷香郡 泊岸村 新問
10%
敷香支庁 敷香郡 新路村 内路
10%
大泊支庁 長浜郡 長浜村 礼文別
5%
大泊支庁 富内郡 富内村 落帆
5%
大泊支庁 富内郡 富内村 喜美内
5%
大泊支庁 大泊郡 深海村 雄吠泊
5%
大泊支庁 大泊郡 深海村 女麗
5%
大泊支庁 大泊郡 深海村 小田井
5%
大泊支庁 留多加郡 留多加町 川口
5%
大泊支庁 留多加郡 留多加町 河東
5%
大泊支庁 留多加郡 留多加町 河西
5%
大泊支庁 留多加郡 留多加町 多繭内
5%
本斗支庁 本斗郡 好仁村 南名好
5%
本斗支庁 本斗郡 内幌村 気主
5%
本斗支庁 本斗郡 海馬村 古丹
5%
本斗支庁 本斗郡 海馬村 泊皿
5%
真岡支庁 真岡郡 広地村 大穂泊
5%
真岡支庁 真岡郡 広地村 苫舞
5%
真岡支庁 真岡郡 真岡町 宇遠泊
5%
真岡支庁 真岡郡 清水村 二股
5%
真岡支庁 野田郡 小能登呂村 仁多須
5%
真岡支庁 野田郡 野田町 久良志
5%
泊居支庁 泊居郡 泊居町 北杜門
5%
泊居支庁 泊居郡 泊居町 奥沢
5%
泊居支庁 久春内郡 三浜村 留久志
5%
泊居支庁 久春内郡 三浜村 小田洲
5%
泊居支庁 鵜城郡 鵜城村 来知志
5%
元泊支庁 元泊郡 東知取村 大鵜取
5%
敷香支庁 敷香郡 敷香村 上敷香
5%
大泊支庁 長浜郡 長浜村 奥鉢
0%
大泊支庁 長浜郡 長浜村 荒栗
0%
大泊支庁 長浜郡 長浜村 遠淵
0%
大泊支庁 留多加郡 能登呂村 雨竜
0%
大泊支庁 留多加郡 能登呂村 古江
0%
大泊支庁 留多加郡 能登呂村 内砂
0%
大泊支庁 留多加郡 能登呂村 知志谷
0%
本斗支庁 本斗郡 好仁村 白主
0%
本斗支庁 本斗郡 好仁村 十串
0%
本斗支庁 本斗郡 好仁村 十和田
0%
本斗支庁 本斗郡 好仁村 木歳
0%
本斗支庁 本斗郡 好仁村 白牛
0%
本斗支庁 本斗郡 海馬村 鴎沢
0%
真岡支庁 真岡郡 蘭泊村 本古丹
0%
真岡支庁 真岡郡 蘭泊村 歌友
0%
真岡支庁 野田郡 小能登呂村 登富津
0%
泊居支庁 泊居郡 泊居町 唐緒
0%
泊居支庁 泊居郡 泊居町 元沢
0%
泊居支庁 泊居郡 名寄村 鷹沢
0%
泊居支庁 泊居郡 名寄村 智来
0%
泊居支庁 久春内郡 久春内村 牛毛
0%
泊居支庁 久春内郡 三浜村 幸浜
0%
泊居支庁 鵜城郡 鵜城村 伊皿
0%
泊居支庁 鵜城郡 鵜城村 円度
0%
泊居支庁 鵜城郡 鵜城村 北宇須
0%
泊居支庁 名好郡 名好村 西柵丹
0%
泊居支庁 名好郡 名好村 沃内
0%
泊居支庁 名好郡 恵須取村 糸音
0%
泊居支庁 名好郡 恵須取村 白坂
0%
元泊支庁 元泊郡 帆寄村 登帆
0%
元泊支庁 元泊郡 東知取村 北遠古丹
0%
元泊支庁 元泊郡 東知取村 東柵丹
0%
敷香支庁 敷香郡 新路村 植柴
0%
敷香支庁 敷香郡 敷香村 佐知
0%
敷香支庁 敷香郡 敷香村 保恵
0%
敷香支庁 敷香郡 敷香村 西多来加
0%
敷香支庁 敷香郡 敷香村 東多来加
0%
敷香支庁 散江郡 散江村 富岸
0%
敷香支庁 散江郡 散江村 矢向
0%
敷香支庁 散江郡 散江村 野頃
0%
敷香支庁 散江郡 散江村 山越
0%
敷香支庁 散江郡 散江村 円頓
0%
敷香支庁 散江郡 散江村 長磯
0%
敷香支庁 散江郡 散江村 船泊
0%
敷香支庁 散江郡 散江村 遠内
0%
No matching quizzes found
Score Distribution
Percent of People with Each Score
Percentile by Number Answered
Your Score History
You have not taken this quiz since the last reset